000 005730000a22001810004500
003 MACL
005 20160607150454.0
008 160607b xxu||||| |||| 00| 0 eng d
040 _aMACL
_cMACL
041 _aHindi
082 _a920
100 _aडॉ वर्मा, विघुत
_962716
245 _aमहामना चिन्‍तन आलोक
_cडॉ विघुत वर्मा
260 _bमहामना मालवीय मिशन
_c2001
_aलखनउ
350 _a100
650 _aBiography
_962717
942 _cHIN
_k920/VER
_2ddc
999 _c9223
_d9223